Normal view
MARC view
- Güerri, Alejandro,
Entry Nombre personal
001 - NÚMERO DE CONTROL
- campo de control: 1681
003 - IDENTIFICADOR DE NÚMERO DE CONTROL
- campo de control: DLC
005 - FECHA Y HORA DE LA ÚLTIMA TRANSACCIÓN
- campo de control: 20260601195813.0
008 - ELEMENTOS DE DATO DE LONGITUD-FIJA
- campo de control de longitud fija: 050816n| azannaabn |n aaa c
010 ## - NÚMERO DE CONTROL DE LA BIBLIOTECA DEL CONGRESO
- Número de control de LC: no2005079362
035 ## - NÚMERO DE CONTROL DEL SISTEMA
- Número de control de sistema: (OCoLC)oca06716894
040 ## - FUENTE DE CATALOGACIÓN
- Centro catalogador/agencia de origen: NNC
- Lengua de catalogación: eng
- Normas de descripción: rda
- Centro/agencia transcriptor: NNC
- Centro/agencia modificador: NjP
- Centro/agencia modificador: DLC
053 #0 - NÚMERO DE CLASIFICACIÓN LC
- Número de clasificación–único número o número inicial del rango: PQ7798.417.U35
100 1# - ENCABEZAMIENTO-NOMBRE DE PERSONA
- Nombre de persona: Güerri, Alejandro,
- Fechas asociadas al nombre: 1976-
670 ## - FUENTE DE DATOS ENCONTRADOS
- Cita de la fuente: Podemos llamarlo un día, 2005:
- Información encontrada: t.p. (Alejandro Güerri) front flap (b. 1976 in Buenos Aires)
670 ## - FUENTE DE DATOS ENCONTRADOS
- Cita de la fuente: Letristas, mayo de 2015:
- Información encontrada: t.p. (Alejandro Güerri) front flap (b. 1976; Buenos Aires)